000 00851cam a2200253 4500
008 000000n2000 000 0 eng u
020 _a1899769730
035 _a(Sirsi) u111474
050 _a346.4104346
100 _aDixon, Tim
245 _aRelative values: residential leasehold reform in England and Wales - valuation for lease extension and enfranchisement.
260 _aReading
_bCollege of Estate Management
_c2000
300 _a131p. ; 30cm.
650 _aLEASEHOLD REFORM
650 _aLEASEHOLD ENFRANCHISEMENT
650 _aValuation
_96273
650 _aLEASEHOLD VALUATION TRIBUNAL
650 _aPROPERTY-RESIDENTIAL PROPERTY-RESIDENTIAL LANDLORD AND TENANT-RESIDENTIAL TENANCIES
690 _aLandlord and tenant
_96252
700 _aPottinger, Gaye
700 _aMarston, A.
700 _aCrosby, Neil
942 _n0
999 _c101250
_d101250